000
00339nam a2200145Ia 4500
008
210210b1963 xxu||||| |||| 00| 0 eng d
041
_a
eng
082
_a
829/146
100
_a
COLLINS (W)
245
_a
Moonstone
260
_a
London
_b
Macmillan & Co. Ltd.
_c
1963
650
_a
Moonstone
690
_a
English Fiction
906
_a
016752
999
_c
136432
_d
136432